| 000 | 00469cam a22001812a 4500 | ||
|---|---|---|---|
| 001 | 021291 | ||
| 003 | AR-FADEU | ||
| 008 | 311216n1924####xxu####################dd | ||
| 092 |
_aA864.2 _bG538 |
||
| 100 | _aGiusti, Roberto F. | ||
| 245 | _aCrítica y polémica | ||
| 260 | _aBuenos Aires | ||
| 260 | _bCooperativa | ||
| 260 | _c1924 | ||
| 300 | _a205 p | ||
| 650 | _aCRITICA LITERARIA; ENSAYO ARGENTINO; POLEMICAS LITERARIAS-SIGLO XX-ARGENTINA | ||
| 942 | _cBDGR | ||
| 999 |
_c27009 _d27009 |
||